000 00294nam a2200121Ia 4500
008 190216s9999||||xx |||||||||||||| ||und||
100 _a"Shashi K Gupta,Sharma R K"
245 0 _aAccounting For Managerial Decisions
260 _bKalyani Pub
300 _a244
650 _aCommerce
942 _cBK
999 _c7278
_d7278